| 000 | 00883cam a2200217 4500 | ||
|---|---|---|---|
| 001 | WB3649-21 | ||
| 008 | 000000n2000 000 0 eng u | ||
| 035 | _a(Sirsi) u109909 | ||
| 245 | _aDuke reduces farm rents | ||
| 260 | _c2000 | ||
| 490 |
_aTimes _v 12 December 2000, 10(1) |
||
| 520 | _aFarm landlords are being urged to follow the example of the Duke of Westminster who dropped or held rents for his tenant farmers because the farms are not making any profit. The Tenant Farmers' Association hopes other landlords will be flexible, and take a long-view of the agricultural crisis. | ||
| 590 | _aWB | ||
| 650 | _aTENANT FARMERS | ||
| 650 | _aTENANT FARMERS ASSOCIATION | ||
| 650 | _aDUKE OF WESTMINSTER | ||
| 650 | _aFARM RENTS | ||
| 650 | _aPROPERTY-LANDLORD AND TENANT-TENANCIES-AGRICULTURAL TENANCIES | ||
| 690 | _aLANDLORD AND TENANT-RENT REVIEWS | ||
| 942 | _n0 | ||
| 999 |
_c65571 _d65571 |
||